000
00300nam a22001337a 4500
999
_c
13051
_d
13051
020
_a
9789694075020
082
_a
301.072
100
_a
Abdul Waheed
245
_a
Quantitative Research Methods
250
_a
1st
260
_a
Pakistan
_b
Royal Book Company
_c
2020
300
_a
276 pages
942
_c
BK